| 000 | 00442nam a2200133 a 4500 | ||
|---|---|---|---|
| 008 | 120416s1975 ||||||||||||||||| || u | ||
| 050 | _aDT 8727 Phi | ||
| 100 | _aPhillipson, David W | ||
| 245 | 1 | 4 | _aThe iron age in Zambia |
| 260 |
_aLusaka _bNeczam _c1975 |
||
| 300 | _a47p. : ill. | ||
| 350 | _a0.00 | ||
| 995 |
_D0.00 _FCBU-MAIN LIBRARY (Kitwe) _H1 _I0.00 _M1 _UAVAILABLE _ZZambiana Collection |
||
| 999 |
_c48352 _d48352 |
||